[Event "Southend op 59th"]
[Site "Southend"]
[Date "2015.04.04"]
[Round "4"]
[White "Whitehead, David J"]
[Black "Liang, Jake Z"]
[Result "1/2-1/2"]
[WhiteElo "2038"]
[BlackElo "2111"]
[PlyCount "62"]
[EventDate "2015.04.03"]
[EventType "swiss"]
[EventRounds "7"]
[EventCountry "ENG"]
[SourceTitle "EXT 2017"]
[Source "ChessBase"]
[SourceDate "2016.10.25"]
[SourceVersion "1"]
[SourceVersionDate "2016.10.25"]
[SourceQuality "1"]

1. e4 c5 2. Nf3 Nc6 3. d4 cxd4 4. Nxd4 Nf6 5. Nc3 e5 6. Ndb5 d6 7. Bg5 a6 8. Na3 b5 9. Nd5 Be7 10. Bxf6 Bxf6 11. c3 0-0 12. Nc2 Bg5 13. a4 bxa4 14. Rxa4 a5 15. Bc4 Bd7 16. Ra2 Qb8 17. Qh5 Bd8 18. Nce3 a4 19. 0-0 Na5 20. Bd3 Nb3 21. Rd1 Be6 22. Bc2 Qb5 23. Ra3 Qb7 24. Qe2 Nc5 25. Nc4 Bxd5 26. Rxd5 Be7 27. Ra2 Qc6 28. Qd1 Rfd8 29. Ne3 g6 30. g3 Bg5 31. Ng4 h5 1/2-1/2

[Event "Hastings Masters op 90th"]
[Site "Hastings"]
[Date "2015.01.06"]
[Round "9"]
[White "Liang, Jake Z"]
[Black "Constantinou, Peter"]
[Result "0-1"]
[WhiteElo "1953"]
[BlackElo "2276"]
[PlyCount "84"]
[EventDate "2014.12.29"]
[EventType "swiss"]
[EventRounds "9"]
[EventCountry "ENG"]
[SourceTitle "CBM 164 Extra"]
[Source "ChessBase"]
[SourceDate "2015.03.02"]
[SourceVersion "1"]
[SourceVersionDate "2015.03.02"]
[SourceQuality "1"]

1. d4 g6 2. e4 Bg7 3. Nc3 c6 4. Be3 Qb6 5. Rb1 Nf6 6. Nf3 d6 7. h3 0-0 8. Be2 Qc7 9. 0-0 Nbd7 10. a4 e5 11. dxe5 dxe5 12. Nd2 Rd8 13. Qc1 Nf8 14. b4 Ne6 15. Nb3 Nd4 16. Bd3 Nh5 17. Bxd4 exd4 18. Ne2 Qe7 19. Qd2 Be6 20. Na5 Rac8 21. Rfe1 b6 22. Nc4 Nf6 23. Ng3 Ne8 24. e5 Bd5 25. Qf4 Qe6 26. Nd2 c5 27. bxc5 bxc5 28. Nb3 f6 29. exf6 Qxf6 30. Qxf6 Nxf6 31. Bb5 Kf8 32. Re2 Rd6 33. Rbe1 a6 34. Bd3 c4 35. Nxd4 cxd3 36. cxd3 Bf7 37. Ne6+ Bxe6 38. Rxe6 Rcd8 39. a5 R8d7 40. Rxd6 Rxd6 41. Rb1 Nd7 42. Rb3 Nc5 0-1

[Event "Hastings Masters op 90th"]
[Site "Hastings"]
[Date "2015.01.02"]
[Round "5"]
[White "Liang, Jake Z"]
[Black "Gledura, Benjamin"]
[Result "0-1"]
[WhiteElo "1953"]
[BlackElo "2450"]
[PlyCount "86"]
[EventDate "2014.12.29"]
[EventType "swiss"]
[EventRounds "9"]
[EventCountry "ENG"]
[SourceTitle "CBM 164 Extra"]
[Source "ChessBase"]
[SourceDate "2015.03.02"]
[SourceVersion "1"]
[SourceVersionDate "2015.03.02"]
[SourceQuality "1"]

1. d4 Nf6 2. c4 g6 3. Nc3 d5 4. cxd5 Nxd5 5. Bd2 Nb6 6. Bg5 Bg7 7. e3 0-0 8. Nf3 N8d7 9. Be2 Nf6 10. 0-0 Be6 11. Rc1 c6 12. Nd2 a5 13. Nb3 Nbd7 14. Bxf6 Bxf6 15. f4 Bg7 16. Na4 Bd5 17. Bf3 Nf6 18. Nbc5 Bxf3 19. Qxf3 Qc7 20. Nd3 e6 21. Kh1 Nd5 22. a3 Rad8 23. Rc2 Qe7 24. Qh3 f6 25. Nac5 f5 26. Re2 b6 27. Na4 c5 28. e4 fxe4 29. Rxe4 Bxd4 30. Rxe6 Qd7 31. Nc3 Nc7 32. Rxb6 Qxh3 33. gxh3 Bxc3 34. Rc6 Rxd3 35. bxc3 Nb5 36. Rxc5 Nxa3 37. Ra1 Nc2 38. Raxa5 Ne3 39. Ra1 Rxf4 40. Kg1 Rc4 41. Ra8+ Kg7 42. Ra7+ Kh6 43. Rb5 Rf4 0-1

[Event "Sunningdale e2e4 op 05"]
[Site "Ascot"]
[Date "2014.05.26"]
[Round "6"]
[White "Lunn, Matthew"]
[Black "Liang, Jake Z"]
[Result "0-1"]
[WhiteElo "2044"]
[BlackElo "1944"]
[PlyCount "90"]
[EventDate "2014.05.23"]
[EventType "swiss"]
[EventRounds "7"]
[EventCountry "ENG"]
[SourceTitle "CBM 160 Extra"]
[Source "ChessBase"]
[SourceDate "2014.07.01"]
[SourceVersion "1"]
[SourceVersionDate "2014.07.01"]
[SourceQuality "1"]

1. d4 Nf6 2. c4 g6 3. Nc3 d5 4. cxd5 Nxd5 5. e4 Nxc3 6. bxc3 Bg7 7. Nf3 c5 8. Rb1 0-0 9. Be2 b6 10. 0-0 Bb7 11. Qd3 Ba6 12. Qe3 Bxe2 13. Qxe2 Qc7 14. Be3 Nd7 15. Nd2 e5 16. d5 f5 17. f3 Nf6 18. a4 a6 19. Qc4 Kh8 20. a5 b5 21. Qxc5 Rfc8 22. Qxc7 Rxc7 23. Rfc1 fxe4 24. fxe4 Rac8 25. c4 bxc4 26. Rc3 Bf8 27. h3 Nd7 28. Bb6 Bc5+ 29. Kh2 Bd4 30. Rc2 Rb7 31. Rxc4 Rcb8 32. Bxd4 Rxb1 33. Nxb1 exd4 34. Nd2 d3 35. Rd4 Nc5 36. e5 Rb2 37. Nf3 Kg7 38. d6 Ne6 39. Rxd3 Kf7 40. d7 Ke7 41. Ng5 Nd8 42. Nf3 Rb5 43. Kg3 Rxa5 44. Kf4 Ra4+ 45. Kg5 Nf7# 0-1

[Event "Sunningdale e2e4 op 05"]
[Site "Ascot"]
[Date "2014.05.25"]
[Round "4"]
[White "Liang, Jake Z"]
[Black "Nettleton, Charlie"]
[Result "1-0"]
[WhiteElo "1944"]
[BlackElo "1890"]
[PlyCount "109"]
[EventDate "2014.05.23"]
[EventType "swiss"]
[EventRounds "7"]
[EventCountry "ENG"]
[SourceTitle "CBM 160 Extra"]
[Source "ChessBase"]
[SourceDate "2014.07.01"]
[SourceVersion "1"]
[SourceVersionDate "2014.07.01"]
[SourceQuality "1"]

1. d4 d6 2. c4 e5 3. d5 f5 4. Nc3 Nf6 5. Bg5 Be7 6. Nf3 Ne4 7. Bxe7 Qxe7 8. Qa4+ Bd7 9. Qa3 Nxc3 10. Qxc3 a5 11. e3 b6 12. b3 0-0 13. a3 f4 14. Be2 Bg4 15. h3 Bh5 16. e4 Bg6 17. Nd2 h5 18. 0-0 Qg5 19. b4 Nd7 20. f3 a4 21. Qc2 Be8 22. Nb1 Rf6 23. Nc3 Rg6 24. Bd3 Qg3 25. Kh1 Nf6 26. Qf2 Qg5 27. Ra2 Bd7 28. c5 bxc5 29. bxc5 Rh6 30. Bb5 Bc8 31. Re1 Ng4 32. Qg1 Nf6 33. cxd6 cxd6 34. Nxa4 Rb8 35. Nc3 Rg6 36. Qf2 Qh6 37. Qa7 Rxb5 38. Nxb5 Bxh3 39. gxh3 Rg3 40. Rg2 Rxh3+ 41. Kg1 Rxf3 42. Nxd6 Rg3 43. Ree2 Qg6 44. Qf7+ Qxf7 45. Nxf7 Rxa3 46. Nxe5 f3 47. Ra2 Re3 48. Rgf2 Nxe4 49. Rxf3 Re1+ 50. Rf1 Re3 51. Ra8+ Kh7 52. Rff8 Re1+ 53. Kg2 g6 54. Ra7+ Kh6 55. Rh8+ 1-0

[Event "Sunningdale e2e4 op 05"]
[Site "Ascot"]
[Date "2014.05.25"]
[Round "5"]
[White "Liang, Jake Z"]
[Black "Roberts, David Llewelyn"]
[Result "1/2-1/2"]
[WhiteElo "1944"]
[BlackElo "2019"]
[PlyCount "65"]
[EventDate "2014.05.23"]
[EventType "swiss"]
[EventRounds "7"]
[EventCountry "ENG"]
[SourceTitle "CBM 160 Extra"]
[Source "ChessBase"]
[SourceDate "2014.07.01"]
[SourceVersion "1"]
[SourceVersionDate "2014.07.01"]
[SourceQuality "1"]

1. d4 Nf6 2. c4 g6 3. Nc3 Bg7 4. e4 d6 5. f3 c6 6. Be3 a6 7. a4 a5 8. Nge2 0-0 9. Qd2 Re8 10. Nc1 Na6 11. Be2 Nd7 12. 0-0 e5 13. Rd1 Nb4 14. Nb3 Qc7 15. Rac1 exd4 16. Bxd4 Bf8 17. Qg5 Qd8 18. Qg3 Qe7 19. Bf1 Bh6 20. Rb1 Nc2 21. Bf2 Qe5 22. Qxe5 dxe5 23. Bd3 Nb4 24. Bf1 f5 25. c5 Nf6 26. Rd6 Be6 27. Rxe6 Rxe6 28. Bc4 Kf7 29. Rd1 Bf8 30. Bxe6+ Kxe6 31. exf5+ gxf5 32. Ne2 Nfd5 33. Ng3 1/2-1/2

[Event "Sunningdale e2e4 op 05"]
[Site "Ascot"]
[Date "2014.05.24"]
[Round "3"]
[White "Molofej, Denis"]
[Black "Liang, Jake Z"]
[Result "1-0"]
[WhiteElo "2062"]
[BlackElo "1944"]
[PlyCount "81"]
[EventDate "2014.05.23"]
[EventType "swiss"]
[EventRounds "7"]
[EventCountry "ENG"]
[SourceTitle "CBM 160 Extra"]
[Source "ChessBase"]
[SourceDate "2014.07.01"]
[SourceVersion "1"]
[SourceVersionDate "2014.07.01"]
[SourceQuality "1"]

1. e4 c5 2. c3 Nf6 3. e5 Nd5 4. d4 cxd4 5. cxd4 Nc6 6. Nf3 d6 7. Bc4 Nb6 8. Bb5 dxe5 9. Nxe5 Bd7 10. Nxd7 Qxd7 11. Nc3 e6 12. 0-0 Be7 13. Qg4 Bf6 14. Bxc6 Qxc6 15. Rd1 Rd8 16. Ne4 Bxd4 17. Bg5 Rd5 18. Rxd4 Rxd4 19. Nf6+ gxf6 20. Qxd4 e5 21. Re1 0-0 22. Qe3 fxg5 23. Qxg5+ Qg6 24. Qxe5 Nc4 25. Qd4 Nb6 26. h4 Rc8 27. Re3 Qc6 28. Rg3+ Kf8 29. Qg7+ Ke8 30. Qg8+ Ke7 31. Re3+ Kd6 32. Qxf7 Qc1+ 33. Kh2 Nd5 34. Qe6+ Kc7 35. Qxd5 Kb8 36. Qe5+ Ka8 37. Rc3 Rxc3 38. bxc3 a6 39. Qe8+ Ka7 40. Qe3+ Qxe3 41. fxe3 1-0

[Event "Sunningdale e2e4 op 04"]
[Site "Ascot"]
[Date "2014.04.21"]
[Round "9"]
[White "Kvisla, Johannes Luangtep"]
[Black "Liang, Jake Z"]
[Result "1/2-1/2"]
[WhiteElo "2178"]
[BlackElo "1919"]
[PlyCount "51"]
[EventDate "2014.04.17"]
[EventType "swiss"]
[EventRounds "9"]
[EventCountry "ENG"]
[SourceTitle "CBM 159 Extra"]
[Source "ChessBase"]
[SourceDate "2014.04.24"]
[SourceVersion "1"]
[SourceVersionDate "2014.04.24"]
[SourceQuality "1"]

1. d4 Nf6 2. c4 g6 3. Nc3 d5 4. cxd5 Nxd5 5. Bd2 Bg7 6. e4 Nxc3 7. Bxc3 0-0 8. Nf3 Bg4 9. Be2 c5 10. d5 e6 11. 0-0 exd5 12. exd5 Qd6 13. h3 Bxf3 14. Bxf3 Nd7 15. Bxg7 Kxg7 16. Qb3 b6 17. Rad1 Nf6 18. g3 Rad8 19. Bg2 Rfe8 20. Rd2 Qb8 21. Qc3 Rd6 22. Rfd1 Kg8 23. b4 cxb4 24. Qxb4 Red8 25. a4 Qc7 26. Qb5 1/2-1/2

[Event "Sunningdale e2e4 op 04"]
[Site "Ascot"]
[Date "2014.04.19"]
[Round "5"]
[White "Fegan, Chris"]
[Black "Liang, Jake Z"]
[Result "1/2-1/2"]
[WhiteElo "2055"]
[BlackElo "1919"]
[PlyCount "92"]
[EventDate "2014.04.17"]
[EventType "swiss"]
[EventRounds "9"]
[EventCountry "ENG"]
[SourceTitle "CBM 159 Extra"]
[Source "ChessBase"]
[SourceDate "2014.04.24"]
[SourceVersion "1"]
[SourceVersionDate "2014.04.24"]
[SourceQuality "1"]

1. Nf3 Nf6 2. d4 g6 3. Nc3 d5 4. Bf4 c6 5. Qd2 Nbd7 6. h4 b5 7. a3 h5 8. e3 Bg7 9. Be2 0-0 10. Ng5 Bb7 11. g4 hxg4 12. f3 g3 13. Bxg3 Nh5 14. Bf2 e5 15. f4 exd4 16. exd4 Ndf6 17. f5 Bc8 18. fxg6 fxg6 19. 0-0-0 a5 20. Bd3 Ng4 21. Be3 b4 22. Nb1 bxa3 23. Nxa3 Qd6 24. Rhf1 Bd7 25. Bg1 Nf4 26. Be2 Rae8 27. Bf3 Bh6 28. Rde1 Rxe1+ 29. Qxe1 Qf6 30. Kb1 Bxg5 31. hxg5 Qxg5 32. Qg3 Nh5 33. Qd6 Nhf6 34. Bxg4 Qxg4 35. Bh2 Qe6 36. Qc7 Ne8 37. Rxf8+ Kxf8 38. Qxa5 Qe4 39. Be5 g5 40. Qd2 Qh4 41. Qe2 g4 42. Qf1+ Ke7 43. Qf4 Qh7 44. Ka2 Bf5 45. Qg5+ Kd7 46. c4 Qg6 1/2-1/2

[Event "Sunningdale e2e4 op 04"]
[Site "Ascot"]
[Date "2014.04.18"]
[Round "3"]
[White "Gibson, Christopher A"]
[Black "Liang, Jake Z"]
[Result "1-0"]
[WhiteElo "2020"]
[BlackElo "1919"]
[PlyCount "39"]
[EventDate "2014.04.17"]
[EventType "swiss"]
[EventRounds "9"]
[EventCountry "ENG"]
[SourceTitle "CBM 159 Extra"]
[Source "ChessBase"]
[SourceDate "2014.04.24"]
[SourceVersion "1"]
[SourceVersionDate "2014.04.24"]
[SourceQuality "1"]

1. e4 c5 2. c3 Nf6 3. e5 Nd5 4. d4 cxd4 5. cxd4 Nc6 6. Nf3 d6 7. Bc4 Nb6 8. Bb3 dxe5 9. d5 Na5 10. Nc3 Nxb3 11. Qxb3 g6 12. Be3 Nd7 13. d6 exd6 14. Ng5 Qe7 15. Nd5 Nc5 16. Bxc5 Qxg5 17. Be3 Qd8 18. Rc1 Rb8 19. Rc7 Be6 20. Qb5+ 1-0

[Event "Sunningdale e2e4 op 04"]
[Site "Ascot"]
[Date "2014.04.17"]
[Round "1"]
[White "Gandrud, Vegar Koi"]
[Black "Liang, Jake Z"]
[Result "1/2-1/2"]
[WhiteElo "2223"]
[BlackElo "1919"]
[PlyCount "72"]
[EventDate "2014.04.17"]
[EventType "swiss"]
[EventRounds "9"]
[EventCountry "ENG"]
[SourceTitle "CBM 159 Extra"]
[Source "ChessBase"]
[SourceDate "2014.04.24"]
[SourceVersion "1"]
[SourceVersionDate "2014.04.24"]
[SourceQuality "1"]

1. d4 Nf6 2. c4 g6 3. Nc3 d5 4. cxd5 Nxd5 5. e4 Nxc3 6. bxc3 Bg7 7. Nf3 c5 8. Be2 Nc6 9. d5 Bxc3+ 10. Bd2 Bxa1 11. Qxa1 Nd4 12. Nxd4 cxd4 13. Qxd4 f6 14. 0-0 0-0 15. Bb4 Re8 16. Bc4 e5 17. Qe3 b6 18. f4 a5 19. d6+ Kg7 20. fxe5 Rxe5 21. Bc3 Qxd6 22. Bxe5 Qxe5 23. Qxb6 Rb8 24. Qc6 Qd4+ 25. Kh1 Bd7 26. Qd5 Qxd5 27. Bxd5 Rb5 28. Kg1 f5 29. Rc1 fxe4 30. Bxe4 Be6 31. Bc6 Rb8 32. Rc2 Rb1+ 33. Kf2 Ra1 34. a4 Bb3 35. Rc5 Bxa4 36. Rxa5 Ra2+ 1/2-1/2

[Event "London Classic op-B 5th"]
[Site "London"]
[Date "2013.12.14"]
[Round "2"]
[White "Liang, Jake Z"]
[Black "Casaschi, Paolo"]
[Result "1/2-1/2"]
[WhiteElo "1890"]
[BlackElo "2033"]
[PlyCount "51"]
[EventDate "2013.12.13"]
[EventType "swiss"]
[EventRounds "5"]
[EventCountry "ENG"]
[SourceTitle "EXT 2016"]
[Source "ChessBase"]
[SourceDate "2015.10.08"]
[SourceVersion "1"]
[SourceVersionDate "2015.10.08"]
[SourceQuality "1"]

1. d4 d5 2. c4 e6 3. Nf3 Be7 4. g3 Nf6 5. Bg2 0-0 6. 0-0 dxc4 7. Qc2 a6 8. Qxc4 b5 9. Qc2 Bb7 10. Bd2 Be4 11. Qc1 Ra7 12. Rd1 Qc8 13. Be3 Nd5 14. Nc3 Nxe3 15. Qxe3 Bxf3 16. Qxf3 c5 17. dxc5 Qxc5 18. Rac1 Qb6 19. Rd3 Nd7 20. Qf4 Nc5 21. Rdd1 b4 22. Ne4 Nxe4 23. Qxe4 Rc7 24. Rxc7 Qxc7 25. Qc6 Qxc6 26. Bxc6 1/2-1/2

[Event "London Classic op-B 5th"]
[Site "London"]
[Date "2013.12.14"]
[Round "3"]
[White "Myall, Ivan J"]
[Black "Liang, Jake Z"]
[Result "0-1"]
[WhiteElo "2071"]
[BlackElo "1890"]
[PlyCount "100"]
[EventDate "2013.12.13"]
[EventType "swiss"]
[EventRounds "5"]
[EventCountry "ENG"]
[SourceTitle "EXT 2016"]
[Source "ChessBase"]
[SourceDate "2015.10.08"]
[SourceVersion "1"]
[SourceVersionDate "2015.10.08"]
[SourceQuality "1"]

1. e4 c5 2. c3 Nf6 3. e5 Nd5 4. d4 cxd4 5. Nf3 Nc6 6. cxd4 d6 7. Bc4 Nb6 8. Bb5 Bd7 9. Nc3 e6 10. 0-0 Be7 11. Qe2 0-0 12. Rd1 Nb4 13. Bxd7 Qxd7 14. Bg5 N4d5 15. Ne4 f6 16. exf6 gxf6 17. Bh6 Rf7 18. Ng3 Nc7 19. Rac1 Nbd5 20. Nh5 Bf8 21. Bxf8 Raxf8 22. Qd2 e5 23. h3 e4 24. Nh4 f5 25. Qg5+ Kh8 26. Ng6+ hxg6 27. Qh6+ Kg8 28. Qxg6+ Rg7 29. Nxg7 Qxg7 30. Qxd6 Rf6 31. Qe5 Rg6 32. Qxg7+ Rxg7 33. Kh2 f4 34. Rc2 e3 35. Rdc1 Ne6 36. fxe3 fxe3 37. Rc8+ Kf7 38. g3 Ke7 39. R8c4 Rf7 40. R4c2 Nxd4 41. Rc7+ Nxc7 42. Rxc7+ Ke6 43. Rxf7 Kxf7 44. Kg2 e2 45. Kf2 Kg6 46. h4 Kh5 47. Ke1 Kg4 48. Kf2 a5 49. a4 b6 50. Ke1 Kf3 0-1

[Event "Gatwick e2e4 op U1950"]
[Site "Crawley"]
[Date "2013.11.02"]
[Round "3"]
[White "Gallagher, Daniel GH"]
[Black "Liang, Jake Z"]
[Result "0-1"]
[WhiteElo "1912"]
[BlackElo "1780"]
[PlyCount "76"]
[EventDate "2013.11.01"]
[EventType "swiss"]
[EventRounds "5"]
[EventCountry "ENG"]
[SourceTitle "EXT 2015"]
[Source "ChessBase"]
[SourceDate "2014.11.20"]
[SourceVersion "1"]
[SourceVersionDate "2014.11.20"]
[SourceQuality "1"]

1. d4 Nf6 2. c4 g6 3. Nc3 Bg7 4. e4 d6 5. Nf3 0-0 6. Be2 e5 7. 0-0 Nc6 8. d5 Ne7 9. Ne1 Nd7 10. Be3 f5 11. f3 f4 12. Bf2 g5 13. a4 a5 14. Nd3 h5 15. c5 Nf6 16. cxd6 cxd6 17. Nb5 Ng6 18. Rc1 Rf7 19. Qc2 Ne8 20. Na7 Bd7 21. Qb3 g4 22. Qb6 Qg5 23. Qxb7 gxf3 24. Bxf3 Rxa7 25. Bxa7 Bh3 26. Qb6 Nh4 27. Qf2 Rxa7 28. Kh1 Nxf3 29. gxh3 Nd4 30. Rg1 Qf6 31. Rc8 Kf7 32. Qg2 Rc7 33. Rxc7+ Nxc7 34. Qg5 Qxg5 35. Rxg5 Nf3 36. Rxh5 Kg6 37. Rf5 Nxd5 38. Kg2 Nh4+ 0-1

[Event "Gatwick e2e4 op U1950"]
[Site "Crawley"]
[Date "2013.11.02"]
[Round "2"]
[White "Liang, Jake Z"]
[Black "Purvis, Anna"]
[Result "1-0"]
[WhiteElo "1780"]
[BlackElo "1509"]
[PlyCount "81"]
[EventDate "2013.11.01"]
[EventType "swiss"]
[EventRounds "5"]
[EventCountry "ENG"]
[SourceTitle "EXT 2015"]
[Source "ChessBase"]
[SourceDate "2014.11.20"]
[SourceVersion "1"]
[SourceVersionDate "2014.11.20"]
[SourceQuality "1"]

1. d4 d5 2. c4 c6 3. cxd5 cxd5 4. Bf4 Nc6 5. e3 a6 6. Nc3 e6 7. Rc1 Bd6 8. Bxd6 Qxd6 9. Bd3 Nf6 10. f4 Bd7 11. Nf3 Rc8 12. 0-0 0-0 13. Qe1 Nb4 14. Be2 Rc7 15. a3 Nc6 16. b4 Na7 17. Ne5 Rfc8 18. g4 Qe7 19. Qd2 Nc6 20. Nd3 b5 21. Nc5 Nb8 22. Qe1 Ne8 23. f5 Nf6 24. g5 Ne8 25. h4 Nd6 26. Bg4 Rc6 27. f6 Qd8 28. Qg3 Qf8 29. Be2 g6 30. Bd3 Be8 31. Rc2 Nd7 32. Rh2 Nxc5 33. bxc5 Nc4 34. Bxc4 dxc4 35. Qh3 R8c7 36. h5 Rb7 37. Ne4 Rd7 38. Nd6 Rdc7 39. hxg6 fxg6 40. f7+ Bxf7 41. Qxh7# 1-0

[Event "Hampstead op U2200 10"]
[Site "Hampstead"]
[Date "2013.10.26"]
[Round "1"]
[White "Liang, Jake Z"]
[Black "Zhou, Yang Jian"]
[Result "1/2-1/2"]
[WhiteElo "1780"]
[BlackElo "1680"]
[PlyCount "71"]
[EventDate "2013.10.26"]
[EventType "swiss"]
[EventRounds "5"]
[EventCountry "ENG"]
[SourceTitle "EXT 2015"]
[Source "ChessBase"]
[SourceDate "2014.11.20"]
[SourceVersion "1"]
[SourceVersionDate "2014.11.20"]
[SourceQuality "1"]

1. d4 Nf6 2. c4 g6 3. Nc3 Bg7 4. e4 d6 5. f3 0-0 6. Be3 c5 7. Nge2 cxd4 8. Nxd4 Nc6 9. Be2 Bd7 10. Qd2 a6 11. 0-0 Qc7 12. Rfc1 Rfc8 13. Nb3 Na5 14. Nd5 Nxd5 15. cxd5 Nxb3 16. Rxc7 Nxd2 17. Rxd7 Bxb2 18. Rd1 Nc4 19. Bxc4 Rxc4 20. Rxe7 b5 21. Rd7 Be5 22. Bh6 a5 23. f4 Bd4+ 24. Kf1 Bc5 25. e5 dxe5 26. fxe5 Re8 27. Re1 Rc2 28. Be3 Bb4 29. Rc1 Rxc1+ 30. Bxc1 Bc3 31. Bf4 Bxe5 32. Bxe5 Rxe5 33. d6 Rd5 34. Ke2 Kg7 35. Ke3 Kf6 36. Ke4 1/2-1/2

[Event "High Wycombe e2e4 op U2050"]
[Site "High Wycombe"]
[Date "2013.10.12"]
[Round "3"]
[White "Dunlop, Neil"]
[Black "Liang, Jake Z"]
[Result "0-1"]
[WhiteElo "1837"]
[BlackElo "1780"]
[PlyCount "40"]
[EventDate "2013.10.11"]
[EventType "swiss"]
[EventRounds "5"]
[EventCountry "ENG"]
[SourceTitle "EXT 2015"]
[Source "ChessBase"]
[SourceDate "2014.11.20"]
[SourceVersion "1"]
[SourceVersionDate "2014.11.20"]
[SourceQuality "1"]

1. d4 Nf6 2. c4 g6 3. Nc3 Bg7 4. e4 d6 5. Bd3 0-0 6. Nge2 e5 7. d5 Nbd7 8. 0-0 Nh5 9. Be3 f5 10. exf5 gxf5 11. f4 e4 12. Bc2 a5 13. Nd4 Ndf6 14. Qd2 Ng4 15. Nd1 Rf6 16. Rb1 Rg6 17. Nf2 Nxe3 18. Qxe3 Bxd4 19. Qxd4 Nxf4 20. g3 Ne2+ 0-1

[Event "Hampstead op U2200 09"]
[Site "Hampstead"]
[Date "2013.09.29"]
[Round "4"]
[White "Landau, Jonathan"]
[Black "Liang, Jake Z"]
[Result "0-1"]
[WhiteElo "1956"]
[BlackElo "1780"]
[PlyCount "124"]
[EventDate "2013.09.28"]
[EventType "swiss"]
[EventRounds "5"]
[EventCountry "ENG"]
[SourceTitle "EXT 2015"]
[Source "ChessBase"]
[SourceDate "2014.11.20"]
[SourceVersion "1"]
[SourceVersionDate "2014.11.20"]
[SourceQuality "1"]

1. e4 c5 2. a3 Nc6 3. b4 cxb4 4. axb4 Nxb4 5. d4 d5 6. c3 Nc6 7. exd5 Qxd5 8. Na3 e5 9. Nb5 Bd6 10. Nxd6+ Qxd6 11. Ba3 Qc7 12. d5 Nb8 13. Qb3 Nf6 14. Bc4 a6 15. d6 Qd7 16. Nf3 Nc6 17. Rd1 0-0 18. 0-0 Re8 19. Ng5 Nd8 20. Rfe1 b5 21. Bd3 Bb7 22. Qc2 g6 23. Ne4 Nxe4 24. Bxe4 Bxe4 25. Qxe4 Rc8 26. Qd5 Nc6 27. Bc5 Rb8 28. Rd3 Re6 29. Red1 Kg7 30. Qa2 a5 31. Qd2 b4 32. Rh3 h5 33. c4 b3 34. Ba3 a4 35. Bc1 Rh8 36. c5 f6 37. Rh4 Nd4 38. Bb2 Nc2 39. Rc4 a3 40. c6 Qxd6 41. Rxc2 bxc2 42. Qxc2 Qxc6 43. Qxc6 Rxc6 44. Bxa3 Ra8 45. Bb4 Ra4 46. Bd2 Rca6 47. Kf1 Ra1 48. Re1 Rxe1+ 49. Bxe1 g5 50. Ke2 Kg6 51. Kf3 Kf5 52. Bd2 Ra2 53. Be3 g4+ 54. Kg3 Kg6 55. f3 f5 56. f4 exf4+ 57. Bxf4 h4+ 58. Kxh4 Rxg2 59. Bg3 Ra2 60. Bf4 Rf2 61. Bg3 Rf3 62. h3 gxh3 0-1

[Event "Hampstead op U2200 09"]
[Site "Hampstead"]
[Date "2013.09.28"]
[Round "1"]
[White "Liang, Jake Z"]
[Black "Hall, Kieron L"]
[Result "1-0"]
[WhiteElo "1780"]
[BlackElo "1450"]
[PlyCount "55"]
[EventDate "2013.09.28"]
[EventType "swiss"]
[EventRounds "5"]
[EventCountry "ENG"]
[SourceTitle "EXT 2015"]
[Source "ChessBase"]
[SourceDate "2014.11.20"]
[SourceVersion "1"]
[SourceVersionDate "2014.11.20"]
[SourceQuality "1"]

1. d4 d5 2. c4 Nf6 3. cxd5 Bg4 4. f3 Bh5 5. g4 Bg6 6. e4 Nbd7 7. Nc3 e6 8. dxe6 fxe6 9. Bf4 Bb4 10. Qb3 Qe7 11. Bc4 0-0-0 12. 0-0-0 Nb6 13. Bxe6+ Nfd7 14. Nh3 Rhf8 15. Bg5 Rf6 16. Bxf6 gxf6 17. Nf4 Be8 18. Bxd7+ Bxd7 19. Nfd5 Nxd5 20. Nxd5 Qf7 21. Nb6+ cxb6 22. Qxf7 Bc6 23. d5 Rd7 24. Qg8+ Kc7 25. dxc6 Kxc6 26. Qe8 Kc7 27. Qxd7+ Kb8 28. Qd8# 1-0

[Event "Sunningdale e2e4 op U2000 07"]
[Site "Sunningdale"]
[Date "2013.07.06"]
[Round "3"]
[White "Thompson, Robert"]
[Black "Liang, Jake Z"]
[Result "1-0"]
[WhiteElo "1978"]
[BlackElo "1754"]
[PlyCount "123"]
[EventDate "2013.07.05"]
[EventType "swiss"]
[EventRounds "7"]
[EventCountry "ENG"]
[SourceTitle "EXT 2014"]
[Source "ChessBase"]
[SourceDate "2013.11.20"]
[SourceVersion "1"]
[SourceVersionDate "2013.11.20"]
[SourceQuality "1"]

1. Nf3 Nf6 2. c4 g6 3. g3 Bg7 4. Bg2 d6 5. d4 0-0 6. 0-0 Nbd7 7. Nc3 e5 8. e4 a6 9. h3 Qe7 10. Re1 h6 11. Be3 b6 12. Qc2 Bb7 13. Rac1 Rac8 14. d5 Ne8 15. Nh4 c6 16. Qb3 Nc5 17. Bxc5 bxc5 18. Rcd1 cxd5 19. Nxd5 Bxd5 20. Rxd5 Bf6 21. Nf3 Rc6 22. Red1 Qc7 23. Nh2 Ng7 24. Ng4 Be7 25. Nxh6+ Kh7 26. Ng4 Ne6 27. Qd3 Nd4 28. f4 f6 29. f5 g5 30. Qd2 Rg8 31. Nh2 Bf8 32. Nf3 a5 33. Nxd4 exd4 34. Bf3 Bh6 35. Qe2 Kg7 36. Rd3 Rb6 37. Bh5 Rgb8 38. b3 Rb4 39. h4 a4 40. Qc2 axb3 41. axb3 Qb6 42. Bd1 Rh8 43. Qe2 gxh4 44. gxh4 Be3+ 45. Rxe3 dxe3 46. Qg4+ Kf8 47. Qf4 Ke7 48. Qxe3 Rxh4 49. Qg3 Rxe4 50. Qg7+ Kd8 51. Qxf6+ Kd7 52. Qg7+ Re7 53. Qg4 Qd8 54. f6+ Re6 55. Qg7+ Kc6 56. Bf3 Kb6 57. Rf5 Ka6 58. f7 Re1+ 59. Kg2 Re7 60. Qg8 Rxf7 61. Qxd8 Rxf5 62. Qa8+ 1-0

[Event "Sunningdale e2e4 op U2050 05"]
[Site "Sunningdale"]
[Date "2013.05.26"]
[Round "5"]
[White "Liang, Jake Z"]
[Black "Kelly, Anthony G"]
[Result "1/2-1/2"]
[WhiteElo "1738"]
[BlackElo "1847"]
[PlyCount "78"]
[EventDate "2013.05.24"]
[EventType "swiss"]
[EventRounds "7"]
[EventCountry "ENG"]
[SourceTitle "EXT 2014"]
[Source "ChessBase"]
[SourceDate "2013.11.20"]
[SourceVersion "1"]
[SourceVersionDate "2013.11.20"]
[SourceQuality "1"]

1. d4 d5 2. Nf3 Nf6 3. c4 c6 4. g3 Bf5 5. Bg2 e6 6. 0-0 Bd6 7. Bf4 Bxf4 8. gxf4 Qb6 9. Qc1 Nbd7 10. Nbd2 0-0 11. Kh1 c5 12. Nb3 dxc4 13. Qxc4 cxd4 14. Qxd4 Be4 15. Qxb6 Nxb6 16. Nc5 Bd5 17. Ne5 Bxg2+ 18. Kxg2 Nbd5 19. e3 b6 20. Nb3 Rfc8 21. Rac1 Ne7 22. Nd4 Nfd5 23. Kf3 f6 24. Nd3 Kf7 25. e4 Nc7 26. Rc3 Ne8 27. Rfc1 Rxc3 28. Rxc3 Rc8 29. Rxc8 Nxc8 30. Nc6 Ned6 31. b3 Ke8 32. Ke3 Kd7 33. Nd4 Ne7 34. f3 Nc6 35. Nxc6 Kxc6 36. Kd4 Nb5+ 37. Kc4 Nd6+ 38. Kd4 Nb5+ 39. Kc4 Nd6+ 1/2-1/2